ՀՀ Գիտությունների ազգային ակադեմիայի հիմնարար գիտական գրադարան  =   Fundamental Scientific Library of NAS RA
Normal view MARC view

Entry Personal Name

Number of records used in: 27

001 - CONTROL NUMBER

  • control field: 980

003 - CONTROL NUMBER IDENTIFIER

  • control field: AM-YEHGA

005 - DATE AND TIME OF LATEST TRANSACTION

  • control field: 20250617070424.0

008 - FIXED-LENGTH DATA ELEMENTS

  • fixed length control field: 041015 a|ac|n|aab||||||||||||a |n|||||||

040 ## - CATALOGING SOURCE

  • Original cataloging agency: AM-YEHGA

100 1# - HEADING--PERSONAL NAME

  • Personal name: Արզումանյան, Մակիչ Վահանի,
  • Dates associated with a name: 1919-1988

400 1# - SEE FROM TRACING--PERSONAL NAME

  • Personal name: Արզումանյան, Մ.Վ.
  • Fuller form of name: (Մակիչ Վահանի),
  • Dates associated with a name: 1919-1988

400 1# - SEE FROM TRACING--PERSONAL NAME

  • Personal name: Արզումանյան, Մ.
  • Fuller form of name: (Մակիչ),
  • Dates associated with a name: 1919-1988

400 1# - SEE FROM TRACING--PERSONAL NAME

  • Personal name: Арзуманян, Макич Ваганович,
  • Dates associated with a name: 1919-1988

400 1# - SEE FROM TRACING--PERSONAL NAME

  • Personal name: Arzumanyan, Makich Vahani,
  • Dates associated with a name: 1919-1988

670 ## - SOURCE DATA FOUND

  • Source citation: Հայկական համառոտ հանրագիտարան, 1990 :
  • Information found: հ.1 (Արզումանյան Մակիչ Վահանի (25.10.1919, գ. Բարում (այժմ՝ Ադրբ. ՍՍՀ Շամխորի շրջ.) - 20.7.1988, Երևան), հայ սովետ. պատմաբան։ Պատմ. գիտ. դ-ր (1963), պրոֆ. (1964)։ ՀՍՍՀ պետ. մրց (1988, հետմահու))


ՀՀ ԳԱԱ հիմնարար գիտական գրադարան
ՀՀ,Երևան 0019
Մարշալ Բաղրամյան 24/6
հեռախոս:(374-10) 52-47-50
Հետադարձ կապ

All site content, except where otherwise noted, is licensed under a
Creative Commons License